[Event "ENG-ch Schools"]
[Site "Nottingham"]
[Date "2025.06.25"]
[Round "2.2"]
[White "Lee, Richard1"]
[Black "Salman, Haytham"]
[Result "0-1"]
[WhiteElo "1699"]
[BlackElo "1927"]
[PlyCount "136"]
[EventDate "2025.06.25"]
[EventType "team-swiss"]
[EventRounds "6"]
[EventCountry "ENG"]
[SourceTitle "CB27_2025"]
[SourceDate "2025.07.02"]
[SourceVersion "1"]
[SourceVersionDate "2025.07.02"]
[SourceQuality "1"]
[WhiteTeam "Nottingham High"]
[BlackTeam "Stephen Perse Foundation"]
[WhiteTeamCountry "ENG"]
[BlackTeamCountry "ENG"]

1. c4 e6 2. Nc3 d5 3. cxd5 exd5 4. d4 Nf6 5. Nf3 h6 6. g3 Bf5 7. Bg2 c6 8. 0-0 Bd6 9. a3 Nbd7 10. Re1 0-0 11. Nd2 Re8 12. f3 c5 13. e4 dxe4 14. fxe4 Bg4 15. Qb3 cxd4 16. Nb5 Bc5 17. Kh1 a6 18. e5 axb5 19. Qxb5 Qb6 20. Qxb6 Bxb6 21. Nc4 Ba5 22. b4 Bxb4 23. Bd2 Bxd2 24. Nxd2 Nxe5 25. h3 Bd7 26. Nb3 Bc6 27. Nxd4 Bxg2+ 28. Kxg2 Nc4 29. Rxe8+ Rxe8 30. a4 Rd8 31. Nf3 Rd3 32. Rc1 Ne3+ 33. Kf2 Ned5 34. Ne5 Ne4+ 35. Kg2 Rxg3+ 36. Kh2 Ne3 37. Rg1 Rxg1 38. Kxg1 Nc5 39. Kf2 f6 40. Nf3 Nc4 41. Nd4 Nxa4 42. Nb5 Kf7 43. Kf3 Nc5 44. Kg4 g6 45. Kh4 Ke6 46. Kg4 Nd6 47. Nd4+ Kd5 48. Nf3 Nf5 49. h4 h5+ 50. Kh3 b5 51. Nd2 b4 52. Nb1 b3 53. Kg2 Nxh4+ 54. Kf2 g5 55. Ke3 Nf5+ 56. Kf3 b2 57. Ke2 g4 58. Kf2 h4 59. Kg2 Kd4 60. Nd2 Kd3 61. Nb1 Ne3+ 62. Kf2 Nc4 63. Ke1 Kc2 64. Nd2 Nxd2 65. Ke2 b1Q 66. Ke3 Qb3+ 67. Ke2 Qf3+ 68. Ke1 Nd3# 0-1

[Event "ENG-ch Schools"]
[Site "Nottingham"]
[Date "2025.06.25"]
[Round "3.2"]
[White "Salman, Haytham"]
[Black "Wotton, Ben"]
[Result "1-0"]
[WhiteElo "1927"]
[BlackElo "1396"]
[PlyCount "76"]
[EventDate "2025.06.25"]
[EventType "team-swiss"]
[EventRounds "6"]
[EventCountry "ENG"]
[SourceTitle "CB27_2025"]
[SourceDate "2025.07.02"]
[SourceVersion "1"]
[SourceVersionDate "2025.07.02"]
[SourceQuality "1"]
[WhiteTeam "Stephen Perse Foundation"]
[BlackTeam "Exeter Maths"]
[WhiteTeamCountry "ENG"]
[BlackTeamCountry "ENG"]

1. e4 c6 2. d4 d5 3. exd5 cxd5 4. Nf3 Nf6 5. Bd3 Bg4 6. h3 Bh5 7. Bf4 Nc6 8. c3 e6 9. Nbd2 Bd6 10. Bxd6 Qxd6 11. Qe2 0-0 12. g4 Bg6 13. Bxg6 fxg6 14. Ne5 Nd7 15. Nxd7 Qxd7 16. Nf3 Rf4 17. Nd2 e5 18. dxe5 Nxe5 19. 0-0-0 Qc7 20. Rde1 Nc4 21. Nxc4 Re4 22. Ne3 Rae8 23. Kb1 Qe5 24. Rd1 d4 25. Qc4+ Kh8 26. Rxd4 Qe6 27. Rxe4 Qxe4+ 28. Qxe4 Rxe4 29. Rd1 Re8 30. Kc2 Kg8 31. Rd7 Rb8 32. Nc4 b5 33. Nd6 a6 34. Nb7 Rf8 35. Rd8 Rxd8 36. Nxd8 Kf8 37. Ne6+ Ke7 38. Nc7 Kd7 1-0